000 00444nam a22001937a 4500
003 MPLRDC
005 20220104173848.0
008 210129b ||||| |||| 00| 0 eng d
020 _a0-553-48591-1
082 _a870.57 LOGG
100 _aWENDY LOGGIA
245 _aCRUSHING ON YOU
_c
250 _a初版
260 _a
_bBANTAN BOOKS
_c1998
300 _b
490 _aLOVE STORIES
650 _aFICTION
942 _cBK
_o870.57 LOGG
999 _c59605
_d59595